The 2nd Millennium BC - Statistics

General Stats
  • This quiz has been taken 20,679 times
    20,588 since last reset
  • The average score is 11 of 17
Answer Stats
Year Description Answer % Correct
c. 1050 BC The Phoenicians invent the first one of these, consisting of 22 characters from ālep to taw Alphabet
95%
1323 BC This pharaoh dies at age 18. His tomb would be discovered in 1922 AD. Tutankhamun
94%
1045 BC The earliest mentions of this capital city, then known as Jicheng Beijing
91%
c. 1300 BC This age of history begins, coming after the Bronze Age {Iron} Age
89%
c. 2000 BC This huge mammal goes extinct, with the last population existing on Russia's Wrangel Island Mammoth
88%
c. 1470 BC The Minoan civilization on this island begins to decline Crete
86%
c. 1200 BC The earliest evidence of this nation of people who worship Yahweh Israel
86%
c. 1250 BC This city in modern-day Turkey is destroyed by Greek invaders, later recounted in Homer's "Iliad" Troy
80%
1213 BC This "great" Egyptian pharaoh dies after a reign of 66 years Ramses II
70%
1700 BC With a population of 60,000, this city on the Euphrates river is possibly the largest in the entire world Babylon
65%
c. 1792– 1750 BC This legal code is created, calling for "an eye for an eye, a tooth for a tooth" Code of {Hammurabi}
59%
c. 2000 BC The first evidence of wheels that have these, enabling them to be much lighter {Spoke}s
57%
c. 1200 BC Sailing out of the Mediterranean, the Phoenicians found this modern-day capital Lisbon
50%
1250 BC The earliest examples of this language are written on bones or turtle shells and are used to predict the future Chinese
36%
c. 2000 BC This group of people starts to migrate into India, possibly subjugating the native Dravidian population Indo-{Aryan}s
33%
c. 1600 BC A gigantic volcanic eruption destroys much of this Greek island, possibly inspiring the legend of Atlantis Santorini
29%
c. 1350 BC This Greek city reaches its peak with a population of around 30,000. At the time, it controlled much of modern-day Greece. Mycenae
19%
No matching quizzes found
Score Distribution
Percent of People with Each Score
Percentile by Number Answered
Your Score History
You have not taken this quiz since the last reset